| 000 | 00651nam a2200205 a 4500 | ||
|---|---|---|---|
| 005 | 20240927063718.0 | ||
| 008 | 991125s1991 mx 000 0 spa u | ||
| 020 | _a9688056014 | ||
| 035 | _aUPN01000031223 | ||
| 049 | _aCG | ||
| 050 | 4 |
_aHB931 _bC6.4 1990 |
|
| 110 | 2 | _aConsejo Nacional de Población (México) | |
| 245 | 1 | 0 |
_aInforme sobre la situación demográfica de México, 1990 / _cConsejo Nacional de Población. |
| 250 | _a2a ed. | ||
| 260 |
_aMéxico : _bCONAPO, _c1991. |
||
| 300 |
_a97 p. : _bgráfs. |
||
| 610 | 2 | 4 |
_aCONSEJO NACIONAL DE POBLACION (MEXICO) - _vINFORMES _912096 |
| 650 | 0 |
_aDemografía _zMéxico _913253 |
|
| 905 | _aLibro | ||
| 999 |
_c31223 _d31223 |
||